000 00675nam a2200277Ia 4500
005 20260324122323.0
008 008 260324s9999 xx 000 0 eng d
020 _a9781315236957
037 _aEBOOK
040 _aCRL
040 _beng
040 _cCRL
041 _2eng
041 _aeng
084 _qCRL
100 _aJames D. Ryan
_91165995
245 4 _aThe Spiritual Expansion of Medieval Latin Christendom: The Asian Missions
260 _bTaylor and Francis
260 _c2013
365 _a
365 _b350
856 _uhttp://www.taylorfrancis.com/books/9781315236957
942 _cEBOOK
999 _c1758630
_d1758630